000
00381nam a22001577a 4500
005
20251108165213.0
008
250721s1992 xx 000 0 ara d
082
1
4
_a
956/جما
100
1
_a
بدوي، جمال
245
1
0
_a
قطايف /
264
1
_a
القاهر :
_c
1992.
300
_a
ج
650
1
7
_a
الحلويات المسكرة
942
_2
ddc
_c
BK
999
_c
22060
_d
22060